Evaluación de la gestión de recursos energéticos e hídricos en la planta empacadora de piña (Ananas comosus) Upala Agrícola.
Sábháilte in:
| Príomhchruthaitheoir: | |
|---|---|
| Rannpháirtithe: | |
| Formáid: | LEABHAR |
| Teanga: | Spanish |
| Foilsithe / Cruthaithe: |
San Pedro de Montes de Oca, SanJosé, Costa Rica
2022
|
| Ábhair: | |
| Clibeanna: |
Cuir clib leis
Níl clibeanna ann, Bí ar an gcéad duine le clib a chur leis an taifead seo!
|
MARC
| LEADER | 00000nam a2200000Ia 4500 | ||
|---|---|---|---|
| 003 | 013627 | ||
| 005 | 20240109101407.0 | ||
| 008 | 140116s2022 cr a 000 ||spa d | ||
| 040 | |c cru CEDI | ||
| 090 | |a TFG 8778 | ||
| 100 | |a Varela Vásquez, Stefany Geovanna , 1996- |9 50 | ||
| 245 | |a Evaluación de la gestión de recursos energéticos e hídricos en la planta empacadora de piña (Ananas comosus) Upala Agrícola. | ||
| 260 | |a San Pedro de Montes de Oca, SanJosé, Costa Rica |c 2022 | ||
| 500 | |a Práctica Dirigida de graduación (licenciatura en ingeniería agrícola y Biosistemas)--Universidad de Costa Rica. Facultad de Ingeniería. Escuela de Ingeniería de Biosistemas | ||
| 501 | |a Director de Práctica Dirigida de Graduación: Ing. Juan Roberto Mora Chaves. MSc. | ||
| 650 | |x RECURSOS ENERGETICOS - ADMINISTRACION - COSTA RICA |x CONSERVACION DE LA ENERGIA |x CONSUMO DE ENERGIA |x PIÑA - CALIDAD - COSTA RICA |x PIÑA - PROCESAMIENTO - COSTA RICA |x PIÑA - EMPAQUETADO - COSTA RICA |x PIÑA - TECNOLOGIA POSCOSECHA - COSTA RICA |x NORMAS DE CALIDAD |x RECURSOS ENERGETICOS | ||
| 700 | |9 51 |a Mora Chaves, Juan Roberto, 1984- |d Director del TFG | ||
| 942 | |c TFG |h TFG 8778 |6 TFG_8778_000000000000000 | ||
| 999 | |c 13344 |d 13344 | ||
